00458nam a2200133Ia 4500999001500000020001800015082001500033245007500048260004600123300001000169700002200179942000700201952011600208 c1987d1987 a1-888777-01-X aRR 423 NEW 0aNew international Webster's student dictionary of the English language aU.S.A.bTrident Press Internationalc1996 a863p. aLandau, Sidney I. cBK 00104070aNASSDOCbNASSDOCd2004-10-08i2008-12-30l0oRR 423 NEWp35825r2019-04-18 00:00:00w2019-04-18yBK